000
00341nam a2200157Ia 4500
008
230917s9999||||xx |||||||||||||| ||und||
020
_c
RS12.5
040
_e
132333
_a
MAIN
041
_a
English
082
_a
822.09 G959P
100
_a
Gupta, R C
245
0
_a
Problems plays
260
_b
Shiva
_c
1961
300
_a
339 p.
942
_c
BK
999
_c
64444
_d
64444